[Event "Steinfurt Bezirksliga 0910"]
[Site "Germany"]
[Date "2010.03.13"]
[Round "7.7"]
[White "Gausmann, Gregor"]
[Black "Denter, Volker"]
[Result "1-0"]
[WhiteElo "1296"]
[BlackElo "1481"]
[PlyCount "30"]
[EventDate "2009.09.12"]
[EventType "team-tourn"]
[EventRounds "9"]
[EventCountry "GER"]
[SourceTitle "EXT 2011"]
[Source "ChessBase"]
[SourceDate "2010.11.26"]
[SourceVersion "1"]
[SourceVersionDate "2010.11.26"]
[SourceQuality "1"]
[WhiteTeam "Rheine"]
[BlackTeam "Ibbenbueren II"]
[WhiteTeamCountry "GER"]
[BlackTeamCountry "GER"]

1. e4 d6 2. Nc3 Nf6 3. d4 Nbd7 4. Nf3 e5 5. d5 Be7 6. Bg5 0-0 7. Qd2 Nc5 8. Bxf6 Bxf6 9. h3 a5 10. g4 Bh4 11. g5 Bxg5 12. Qxg5 Qxg5 13. Nxg5 f5 14. 0-0-0 h6 15. Ne6 fxe4 1-0

[Event "Steinfurt Bezirksliga 0809"]
[Site "Germany"]
[Date "2009.02.14"]
[Round "6.8"]
[White "Schnabel, Reinhard"]
[Black "Denter, Volker"]
[Result "1-0"]
[WhiteElo "1538"]
[BlackElo "1516"]
[PlyCount "92"]
[EventDate "2008.09.27"]
[EventType "team-tourn"]
[EventRounds "9"]
[EventCountry "GER"]
[SourceTitle "EXT 2010"]
[Source "ChessBase"]
[SourceDate "2010.11.25"]
[SourceVersion "1"]
[SourceVersionDate "2010.11.25"]
[SourceQuality "1"]
[WhiteTeam "Reckenfeld"]
[BlackTeam "Ibbenbueren II"]
[WhiteTeamCountry "GER"]
[BlackTeamCountry "GER"]

1. e4 e5 2. Nf3 d6 3. d4 Nd7 4. c3 Be7 5. Be3 Ngf6 6. Bd3 0-0 7. h3 c6 8. 0-0 Qc7 9. c4 exd4 10. Nxd4 Ne5 11. Nc3 Be6 12. b3 Nfd7 13. Nxe6 fxe6 14. Be2 Bf6 15. Rc1 Nf7 16. Bg4 Rae8 17. Ne2 Nde5 18. Nf4 Nxg4 19. Qxg4 Ne5 20. Qe2 Bg5 21. g3 Bxf4 22. gxf4 Ng6 23. Qg4 Qf7 24. Kh1 Nxf4 25. Rg1 Nd3 26. Rc2 Qf3+ 27. Kh2 Qxg4 28. Rxg4 Ne5 29. Rg3 Nf3+ 30. Kh1 c5 31. Rc3 Nd4 32. Rd3 e5 33. Kg2 h6 34. Bxh6 Rf7 35. Bd2 Ref8 36. Be3 Ne2 37. Rg4 Nd4 38. Rd2 Rf3 39. Bh6 R8f7 40. Be3 Kf8 41. h4 Ke7 42. Rg6 Ne6 43. Bg5+ Nxg5 44. hxg5 R3f4 45. Re2 Rf3 46. Re3 a6 1-0

[Event "Steinfurt Bezirksliga 0809"]
[Site "Germany"]
[Date "2008.10.25"]
[Round "2.8"]
[White "Loges, Wilhelm"]
[Black "Denter, Volker"]
[Result "1-0"]
[WhiteElo "1759"]
[BlackElo "1516"]
[PlyCount "87"]
[EventDate "2008.09.27"]
[EventType "team-tourn"]
[EventRounds "9"]
[EventCountry "GER"]
[SourceTitle "EXT 2010"]
[Source "ChessBase"]
[SourceDate "2010.11.25"]
[SourceVersion "1"]
[SourceVersionDate "2010.11.25"]
[SourceQuality "1"]
[WhiteTeam "Emsdetten Turm III"]
[BlackTeam "Ibbenbueren II"]
[WhiteTeamCountry "GER"]
[BlackTeamCountry "GER"]

1. e4 d6 2. d4 Nf6 3. Nc3 Nbd7 4. Nf3 e5 5. Bc4 Be7 6. 0-0 c6 7. dxe5 dxe5 8. Qe2 0-0 9. Bg5 b5 10. Bb3 a5 11. a3 Ba6 12. Nb1 Qc7 13. Rc1 Nc5 14. Nbd2 Rad8 15. Ba2 Na4 16. c4 b4 17. Bxf6 Bxf6 18. axb4 axb4 19. Nb3 Nb6 20. Nc5 Bc8 21. Qe3 Be7 22. Nd3 Nd7 23. c5 Qb8 24. Bb3 Nf6 25. Nfxe5 Rxd3 26. Nxd3 Ng4 27. Qg3 Qxg3 28. hxg3 Bf6 29. f3 Rd8 30. Rd1 Bd4+ 31. Kh1 Ne3 32. Re1 Be6 33. Bxe6 fxe6 34. Re2 Nc4 35. Ra6 Bf6 36. Nxb4 Bxb2 37. Rc2 Rd1+ 38. Kh2 Rc1 39. Rxc1 Bxc1 40. Rxc6 Ba3 41. Nd3 Kf7 42. Ra6 Bxc5 43. Nxc5 e5 44. f4 1-0